000 00554nam a22002057a 4500
003 OSt
005 20160523142346.0
008 160523b xxu||||| |||| 00| 0 eng d
020 _a0721603971
040 _cDLMN.
082 _aQS4 P16m 2007.
100 _aPierce,N.B.Lynelle;
_98890
245 _aManagement of the mechanically Ventilated Patients;
250 _a2nd ed.
260 _aUSA.
_bSaunders.
_c2007.
300 _axxvii,514p;
_bcol,ill;
_c22cm.
504 _aincludes index and references.
650 _aMedical.
_96393
942 _2z
_cO_SHELF
999 _c4120
_d4120